000 00904nam a22003017a 4500
003 CHAP
005 20220329133731.0
008 971013s r 00010 d
010 _a10104
011 _a11076
035 _a10314
040 _cCHAP
082 _a541
_bB3Y
100 0 0 _aBabor, Joseph A.
_99250
245 _aCómo resolver problemas de química física
260 _aBarcelona :
_bManuel Marín,
_c/198?/
300 _a227 p
590 _aBATCH-UPD
_b10
_c20130110
_lUCH01
_h0104
590 _aBATCH-UPD
_b10
_c20130110
_lUCH01
_h2008
590 _aBATCH-UPD
_b10
_c20130410
_lUCH01
_h1327
590 _aBATCH-UPD
_b10
_c20130914
_lUCH01
_h0514
590 _aCONVERSION
_b10
_c20130109
_lUCH01
_h1306
650 1 4 _aFisicoquímica.
_941125
700 0 _aThiessen, G. W.
_9112783
901 _aBK
942 _cLIBRO
949 _a541 B3Y
_bBC
_cLIBRO
_d33724000439121
_eLIBRO
_h41935
_i10314
_mD
_si
999 _c10104
_d10104